LIBRARY & INFORMATION CENTRE, KCAET, TAVANUR

ONLINE PUBLIC ACCESS CATALOGUE (OPAC)

Evaluation of tractor operated puddlers (Record no. 15222)

MARC details
000 -LEADER
fixed length control field 00569nam a22001937a 4500
003 - CONTROL NUMBER IDENTIFIER
control field OSt
088 ## - REPORT NUMBER
Report number P 123
100 ## - MAIN ENTRY--AUTHOR NAME
Personal name DANIMON K
245 ## - TITLE STATEMENT
Title Evaluation of tractor operated puddlers
260 ## - PUBLICATION, DISTRIBUTION, ETC. (IMPRINT)
Place of publication Tavanur 2002
Name of publisher Kelappaji College of Agricultural Engineering and Technology
300 ## - PHYSICAL DESCRIPTION
Number of Pages 65
500 ## - GENERAL NOTE
General note Evaluation of tractor operated puddlers
520 ## - SUMMARY, ETC.
Summary, etc Evaluation of tractor operated puddlers
700 ## - ADDED ENTRY--PERSONAL NAME
Personal name Namitha P. K
700 ## - ADDED ENTRY--PERSONAL NAME
Personal name Sajitha M. P
700 ## - ADDED ENTRY--PERSONAL NAME
Personal name Dr. Shaji James P (Guide)
942 ## - ADDED ENTRY ELEMENTS (KOHA)
Koha item type Project Report
Holdings
Collection code Home library Current library Shelving location Full call number Accession Number Koha item type
Reference KAUAET KAUAET Reference 631.3 DAN/EV P 123 Project Report
free website counter